Konkurencia na zaistnom trhu
Na území EÚ sa nachádzajú najväčšie svetové zaisťovne mníchovská - Munich Re a švajčiarska Swiss Re, ktoré majú významný vplyv na celý európsky finančný trh. V ponuke zaistnej ochrany prostredníctvom retrospektívneho zaistenia tieto bezprostredne súťažia nielen so zaisťovnami z krajín EÚ, ale i s ko...
Guardado en:
| Autor principal: | |
|---|---|
| Formato: | Capítulo de libro |
| Lenguaje: | eslovaco |
| Materias: | |
| Etiquetas: |
Sin Etiquetas, Sea el primero en etiquetar este registro!
|
MARC
| LEADER | 00000nla$a2200000$$$4500 | ||
|---|---|---|---|
| 001 | 0074976 | ||
| 005 | 20240502083213.6 | ||
| 041 | 0 | |a slo | |
| 044 | |a CZ | ||
| 245 | 1 | 0 | |a Konkurencia na zaistnom trhu |c Stanislava Veselovská |
| 520 | |a Na území EÚ sa nachádzajú najväčšie svetové zaisťovne mníchovská - Munich Re a švajčiarska Swiss Re, ktoré majú významný vplyv na celý európsky finančný trh. V ponuke zaistnej ochrany prostredníctvom retrospektívneho zaistenia tieto bezprostredne súťažia nielen so zaisťovnami z krajín EÚ, ale i s konkurenciou z ostatných krajín. Budúcnosť retrospektívneho zaistenia. | ||
| 610 | 2 | 0 | |a poistenie |
| 610 | 2 | 0 | |a zaistenie |
| 610 | 2 | 0 | |a zaisťovne |
| 610 | 2 | 0 | |a Európska únia |
| 610 | 2 | 0 | |a globalizácia |
| 100 | 1 | |a Veselovská, Stanislava, 1957- | |